Statistics for Premier League Winning Managers

Click here to take the quiz!

General Stats

  • This quiz has been taken 382 times
    (322 since last reset)
  • The average score is 9 of 11

Answer Stats

Answer% Correct
Alex Ferguson
99%
Jürgen Klopp
99%
Pep Guardiola
99%
Arsène Wenger
97%
José Mourinho
95%
Antonio Conte
86%
Claudio Ranieri
83%
Roberto Mancini
78%
Manuel Pellegrini
72%
Carlo Ancelotti
71%
Kenny Dalglish
60%

Score Distribution

Percentile by Number Answered

Percent of People with Each Score

Your Score History

You have not taken this quiz since the last reset